Pays finissant par une consonne - Statistiques

Statistiques générales
  • Ce quiz a été pris 220 fois
    181 depuis la dernière actualisation
  • Le résultat moyen est 49 sur 64
Statistiques - réponses
Lettre finale % Correct
Afghanistan
92%
Irak
92%
Maroc
92%
Kazakhstan
91%
Danemark
90%
Iran
90%
Japon
89%
Ouzbékistan
89%
Portugal
89%
Turkménistan
89%
Afrique du Sud
87%
Corée du Nord
87%
Corée du Sud
87%
Pakistan
87%
Brésil
86%
Soudan
86%
Tadjikistan
86%
Kirghizistan
85%
Népal
85%
Yémen
85%
Etats-Unis
84%
Oman
83%
Viêt Nam
83%
Liban
82%
Soudan du Sud
82%
Azerbaïdjan
81%
Israël
80%
Laos
80%
Saint-Marin
80%
Madagascar
78%
Luxembourg
77%
Tchad
77%
Vatican
77%
Bhoutan
76%
Emirats Arabes Unis
76%
Liechtenstein
76%
Niger
76%
Sénégal
76%
Qatar
75%
Bénin
74%
Bangladesh
73%
Koweït
73%
Equateur
72%
Seychelles
72%
Bahreïn
71%
Honduras
71%
Saint-Vincent-et-les-Grenadines
70%
Pays-Bas
69%
Saint-Christophe-et-Niévès
68%
Cameroun
67%
Cap-Vert
67%
Palaos
67%
Salvador
67%
Taiwan
67%
Iles Marshall
65%
Macédoine du Nord
64%
Maldives
64%
Bahamas
63%
Comores
63%
Singapour
63%
Timor oriental
62%
Gabon
61%
Philippines
59%
Iles Salomon
57%
Aucun quiz correspondant
Distribution des résultats
% des personnes avec chaque résultat
Percentile par nombre de réponses
Votre historique - résultats
Vous n’avez pas pris ce quiz depuis la dernière actualisation